Noem de provincies van Belgie en de hoofdsteden er achteraan - Statistieken

Algemene statistieken
  • Deze quiz is 238 keer genomen
  • De gemiddelde score is 20 van 22
Antwoordstatistieken
Hint Antwoord % Correct
1 Antwerpen
99%
1 Antwerpen
99%
3 Oost-Vlaanderen
99%
5 West-Vlaanderen
99%
7 Luik
98%
7 Luik
98%
9 Namen
97%
9 Namen
97%
3 Gent
96%
6 Henegouwen
96%
2 Limburg
96%
11 Brussel
94%
11 Brussel
94%
4 Vlaams-Brabant
94%
10 Waals Brabant
94%
5 Brugge
93%
8 Luxemburg
93%
2 Hasselt
88%
4 Leuven
85%
6 Bergen
83%
8 Aarlen
68%
10 Waver
67%
Geen overeenkomende quizzen gevonden
Scoreverdeling
Procent van Mensen met Elke Score
Percentiel versus Aantal Correcte Antwoorden
Uw Scoregeschiedenis
U heeft deze quiz nog niet genomen